Colector solar de placa plana para calentamiento de aire

Guardado en:
書目詳細資料
主要作者: Bonilla Bonilla, Hugo Edgardo
格式: Tesis 圖書
語言:Undetermined
出版: 1985
主題:
標簽: 添加標簽
沒有標簽, 成為第一個標記此記錄!

MARC

LEADER 00000nam a2200000Ia 4500
001 4143
008 140114s9999 xx 000 0 und d
100 |a Bonilla Bonilla, Hugo Edgardo 
245 |a Colector solar de placa plana para calentamiento de aire 
260 |c 1985 
500 |a NULL 
502 |a Escuela de ingenieria Mecanica 
650 |z COLECTOR SOLAR DE PLACA PLANA 
999 |c 11748  |d 11748